[Event "France 2019 - Accession"]
[Site "Chartres"]
[Date "2019.08.18"]
[Round "2.23"]
[White "Razafindratsima, Timothe"]
[Black "Daeschler, Florian"]
[Result "0-1"]
[WhiteElo "2230"]
[BlackElo "2303"]
[PlyCount "92"]
[EventDate "2019.08.??"]
[EventType "swiss"]
[EventRounds "9"]
[EventCountry "FRA"]
[WhiteTeam "Cannes Echecs"]
[BlackTeam "Club d'Echecs de Mundolsheim"]

1. e4 e5 2. Nf3 Nc6 3. Bb5 a6 4. Ba4 Nf6 5. d3 d6 6. c3 g6 7. O-O Bg7 8. h3 O-O
9. Re1 Re8 10. Nbd2 b5 11. Bc2 a5 12. d4 exd4 13. cxd4 Nb4 14. Bb1 c5 15. a3
Nc6 16. e5 dxe5 17. dxe5 Nd7 18. Be4 Ra6 19. a4 Ncxe5 20. axb5 Rae6 21. Rf1 Rd6
22. Qb3 Nxf3+ 23. Bxf3 Ne5 24. Qc2 Bxh3 25. Be4 Bg4 26. Qxc5 Rxd2 27. Bxd2 Qxd2
28. b6 Qg5 29. Rxa5 Bf3 30. g3 Bxe4 31. Qe3 Nf3+ 32. Qxf3 Qxa5 33. Qe3 Bc6 34.
b7 Rxe3 35. b8=Q+ Re8 36. Qd6 Qd5 37. Qxd5 Bxd5 38. b4 Rb8 39. Rb1 Bc4 40. Rd1
Rxb4 41. Kg2 Bf6 42. Rd6 Kg7 43. Rd7 Rb2 44. Rd6 Be7 45. Rd4 Rxf2+ 46. Kh3 Bf1+
0-1

[Event "France 2019 - Accession"]
[Site "Chartres"]
[Date "2019.08.18"]
[Round "2.24"]
[White "Hutois, Mickael"]
[Black "Papadiamandis, Elliot"]
[Result "1-0"]
[WhiteElo "2279"]
[BlackElo "2216"]
[PlyCount "165"]
[EventDate "2019.08.??"]
[EventType "swiss"]
[EventRounds "9"]
[EventCountry "FRA"]
[WhiteTeam "Echiquier de l'Erdre"]
[BlackTeam "C.E. de  Bois-Colombes"]

1. e4 c5 2. Nf3 d6 3. d4 Nf6 4. Bb5+ Bd7 5. Bxd7+ Qxd7 6. dxc5 Nxe4 7. cxd6
Nxd6 8. O-O Nc6 9. Bf4 e6 10. Qe2 Be7 11. Rd1 Rd8 12. Nc3 Qc8 13. Rd2 O-O 14.
Rad1 Nf5 15. Ne4 Rxd2 16. Rxd2 Rd8 17. c3 Rxd2 18. Nfxd2 e5 19. Bg3 Nxg3 20.
Nxg3 Qe6 21. Qb5 Qd7 22. Nb3 a6 23. Qb6 Bd8 24. Qe3 h6 25. Nf1 Qd1 26. Qd2 Qxd2
27. Nfxd2 Be7 28. Kf1 f5 29. Nc4 Kf7 30. Ke2 Ke6 31. f3 b5 32. Ne3 a5 33. Kd3
a4 34. Nd2 Bc5 35. Nc2 Kd5 36. b3 axb3 37. axb3 g6 38. h3 h5 39. b4 Bb6 40. Na3
Na7 41. Nxb5 Nxb5 42. c4+ Kc6 43. cxb5+ Kxb5 44. Kc3 Bf2 45. Nc4 Be1+ 46. Kb3
Bxb4 47. Nxe5 g5 48. Nf7 Be7 49. Nh6 f4 50. Nf5 Bf6 51. Nd6+ Kc6 52. Ne4 Be7
53. Kc4 g4 54. hxg4 hxg4 55. fxg4 Ba3 56. Nc3 Bc1 57. Kd3 Bb2 58. Nd1 Bc1 59.
Ke4 Kd6 60. Nc3 Bd2 61. Ne2 Ke6 62. g5 f3 63. Nd4+ Kf7 64. Nxf3 Bc3 65. Kf5 Kg7
66. Ne5 Bb2 67. Nd3 Bd4 68. Nf4 Bc3 69. Ne6+ Kf7 70. Nd8+ Kg7 71. Nc6 Bb2 72.
Ne5 Bc3 73. Nf3 Bb2 74. Kg4 Bc3 75. Kh5 Bb2 76. Nh4 Bc3 77. Nf5+ Kh7 78. g4 Bd2
79. g6+ Kg8 80. g5 Bb4 81. Kh6 Bc3 82. g7 Kf7 83. g6+ 1-0

[Event "France 2019 - Accession"]
[Site "Chartres"]
[Date "2019.08.18"]
[Round "2.25"]
[White "Rabineau, Clement"]
[Black "Bacrot, Alexandre"]
[Result "1/2-1/2"]
[WhiteElo "2213"]
[BlackElo "2272"]
[PlyCount "101"]
[EventDate "2019.08.??"]
[EventType "swiss"]
[EventRounds "9"]
[EventCountry "FRA"]
[WhiteTeam "C.E. de Rueil Malmaison"]
[BlackTeam "La Tour Hyéroise"]

1. e4 e5 2. Nf3 Nc6 3. Bb5 a6 4. Bxc6 dxc6 5. d4 exd4 6. Qxd4 Qxd4 7. Nxd4 c5
8. Ne2 Bd7 9. Nbc3 O-O-O 10. Be3 Bc6 11. f3 b6 12. Kf2 g6 13. Rad1 Rxd1 14.
Rxd1 Bg7 15. h4 Nf6 16. a4 Re8 17. b3 Nd7 18. h5 f5 19. hxg6 hxg6 20. exf5 gxf5
21. Nd5 Be5 22. Bg5 Bd6 23. c4 b5 24. axb5 axb5 25. Ng3 Bxd5 26. Rxd5 bxc4 27.
bxc4 Nb6 28. Rxf5 Nxc4 29. Ne4 Be5 30. Be3 Nd6 31. Nxd6+ cxd6 32. f4 Bb2 33.
Rd5 Kc7 34. Bxc5 dxc5 35. Rxc5+ Kd6 36. Rc4 Kd5 37. Ra4 Bd4+ 38. Kf3 Re3+ 39.
Kg4 Re2 40. g3 Re8 41. Ra6 Ke4 42. Rg6 Bc3 43. Kg5 Bd4 44. f5 Be5 45. f6 Rf8
46. Rh6 Kd5 47. Kf5 Bxg3 48. Rh7 Be5 49. Rd7+ Kc6 50. Ke6 Bxf6 51. Rf7 1/2-1/2

[Event "France 2019 - Accession"]
[Site "Chartres"]
[Date "2019.08.18"]
[Round "2.26"]
[White "Devallee, Jeremie"]
[Black "Decuigniere, Tom"]
[Result "1-0"]
[WhiteElo "2270"]
[BlackElo "2211"]
[PlyCount "65"]
[EventDate "2019.08.??"]
[EventType "swiss"]
[EventRounds "9"]
[EventCountry "FRA"]
[WhiteTeam "C'Chartres Echecs"]
[BlackTeam "Ecole Française d'Echecs de Metz"]

1. d4 Nf6 2. Bf4 e6 3. e3 d5 4. c3 c5 5. Nd2 Bd6 6. Bg3 O-O 7. Bd3 Nc6 8. f4
Ne7 9. Ngf3 Nf5 10. Bf2 Ng4 11. Qe2 f6 12. dxc5 Bxc5 13. Nd4 Nfh6 14. Bh4 e5
15. fxe5 Nxe5 16. Bc2 Bg4 17. N2f3 Nc4 18. O-O-O Qa5 19. Bb3 Qa6 20. Nc2 Be6
21. Nfd4 Bg4 22. Nf3 Be6 23. h3 Nxe3 24. Qxa6 bxa6 25. Bf2 Nxd1 26. Bxc5 Rfc8
27. Bd4 Nxb2 28. Kxb2 a5 29. Re1 Kf7 30. Ne3 Rd8 31. g4 Ng8 32. Rf1 h6 33. Ne5+
1-0

[Event "France 2019 - Accession"]
[Site "Chartres"]
[Date "2019.08.18"]
[Round "2.27"]
[White "Malassagne, Raphael"]
[Black "Favarel, Camille"]
[Result "1/2-1/2"]
[WhiteElo "2264"]
[BlackElo "2207"]
[PlyCount "88"]
[EventDate "2019.08.??"]
[EventType "swiss"]
[EventRounds "9"]
[EventCountry "FRA"]
[WhiteTeam "Cergy Pontoise Echecs"]
[BlackTeam "L'Echiquier du Roy René"]

1. d4 d5 2. Bf4 Nf6 3. e3 c5 4. Nc3 a6 5. dxc5 Nc6 6. a3 h6 7. Nf3 e6 8. Na4 g5
9. Bg3 Ne4 10. Nd4 Bg7 11. Nxc6 bxc6 12. Bd3 Nxg3 13. hxg3 Rb8 14. c3 O-O 15.
Qc2 f5 16. Nb6 e5 17. O-O-O e4 18. Bf1 Qe7 19. b4 a5 20. Rd2 axb4 21. axb4 Be6
22. Be2 Rb7 23. Qb3 Ra7 24. Kc2 Kh8 25. c4 Qf7 26. Rc1 Rd8 27. Kd1 d4 28. exd4
Rxd4 29. b5 Ra5 30. Qc3 Rxd2+ 31. Qxd2 Qa7 32. Nc8 Bxc8 33. Qd8+ Kh7 34. Qxc8
Qxc5 35. g4 Qd4+ 36. Ke1 f4 37. Qf5+ Kh8 38. Qc8+ Kh7 39. Qf5+ Kh8 40. Bd1 Ra2
41. Rc2 Rxc2 42. Bxc2 Qc3+ 43. Kd1 Qd4+ 44. Ke1 Qc3+ 1/2-1/2

[Event "France 2019 - Accession"]
[Site "Chartres"]
[Date "2019.08.18"]
[Round "2.28"]
[White "Bournel, Antoine"]
[Black "Merenciano, Alexandre"]
[Result "0-1"]
[WhiteElo "2259"]
[BlackElo "2196"]
[PlyCount "126"]
[EventDate "2019.08.??"]
[EventType "swiss"]
[EventRounds "9"]
[EventCountry "FRA"]
[WhiteTeam "L'Echiquier Châlonnais"]
[BlackTeam "Echiquier Montelais"]

1. e4 c6 2. d4 d5 3. exd5 cxd5 4. Bf4 Nf6 5. c3 Nc6 6. Nd2 g6 7. Be2 Bg7 8. h3
O-O 9. Ngf3 a6 10. Ne5 Qb6 11. Qb3 Nd7 12. Nxd7 Qxb3 13. axb3 Bxd7 14. O-O f6
15. Bf3 Be6 16. b4 Bf7 17. Nb3 e5 18. Be3 Rae8 19. Rfd1 e4 20. Be2 Be6 21. Ra3
f5 22. g3 h6 23. h4 Kh7 24. Nc5 Bc8 25. b5 axb5 26. Bxb5 g5 27. hxg5 hxg5 28.
Bxg5 Kg6 29. Bf4 Rh8 30. Rb3 Bh6 31. Bxc6 bxc6 32. Rb6 Bxf4 33. gxf4 Kh5 34.
Rxc6 Kg4 35. Rg6+ Kxf4 36. Kg2 Reg8 37. Rg3 Rxg3+ 38. fxg3+ Ke3 39. b4 f4 40.
gxf4 Bg4 41. Rg1 Kxf4 42. Kf2 Bf3 43. Ne6+ Kf5 44. Ng5 Bg4 45. Nf7 Rh2+ 46. Kg3
Rh3+ 47. Kf2 Kf4 48. Ne5 Bh5 49. Rg8 Rxc3 50. Rf8+ Kg5 51. Rg8+ Kf5 52. Rb8 e3+
53. Kg3 Bd1 54. Rf8+ Ke6 55. Re8+ Kd6 56. Kf4 e2 57. Ng4 Rf3+ 58. Kg5 Rg3 59.
b5 Rxg4+ 60. Kf6 Rf4+ 61. Kg7 Re4 62. Rd8+ Kc7 63. b6+ Kxd8 0-1

[Event "France 2019 - Accession"]
[Site "Chartres"]
[Date "2019.08.18"]
[Round "2.29"]
[White "Pourquet, Matthieu"]
[Black "Gao, Etienne"]
[Result "0-1"]
[WhiteElo "2209"]
[BlackElo "2256"]
[PlyCount "29"]
[EventDate "2019.08.??"]
[EventType "swiss"]
[EventRounds "9"]
[EventCountry "FRA"]
[WhiteTeam "Vandoeuvre-Echecs"]
[BlackTeam "Echiquier Club Le Mans"]

1. Nf3 Nf6 2. c4 g6 3. g3 Bg7 4. Bg2 O-O 5. d4 d5 6. cxd5 Nxd5 7. O-O Nc6 8. e4
Nb6 9. d5 Na5 10. Nc3 c6 11. Bf4 Nac4 12. Qe2 e6 13. dxe6 Bxe6 14. Rac1 h6 15.
Qc2 {gain blanc au 65ème coup} 0-1

[Event "France 2019 - Accession"]
[Site "Chartres"]
[Date "2019.08.18"]
[Round "2.30"]
[White "Viel, Simon"]
[Black "Degardin, Sylvain"]
[Result "0-1"]
[WhiteElo "2252"]
[BlackElo "2189"]
[PlyCount "146"]
[EventDate "2019.08.??"]
[EventType "swiss"]
[EventRounds "9"]
[EventCountry "FRA"]
[WhiteTeam "Echecs Plus de Cherbourg-Octeville"]
[BlackTeam "Mulhouse Philidor"]

1. e4 c5 2. Nf3 d6 3. d4 cxd4 4. Nxd4 Nf6 5. Nc3 a6 6. g3 e5 7. Nb3 Be7 8. Bg2
O-O 9. a4 b6 10. O-O Bb7 11. Re1 Nbd7 12. Nd2 Rc8 13. Nf1 Nc5 14. Bg5 Ne6 15.
Bxf6 Bxf6 16. Nd5 Bg5 17. c3 g6 18. Qb3 Nc5 19. Qxb6 Bxd5 20. Qxd8 Rfxd8 21.
exd5 a5 22. h4 Bh6 23. Ne3 Nd3 24. Reb1 Bxe3 25. fxe3 Rb8 26. Bf1 Nc5 27. Bb5
f5 28. Kg2 Ne4 29. Ra3 Rdc8 30. Rc1 Kg7 31. Rc2 Rc5 32. c4 Nf6 33. Re2 e4 34.
b4 axb4 35. Rb3 Ra8 36. Rxb4 Ng4 37. Bc6 Ra7 38. Bb5 Kf6 39. Rb3 Ne5 40. Rc2
Ra5 41. Kf2 Rc7 42. Ke2 Ke7 43. Kd2 Rc5 44. Rb1 Rc7 45. Rc3 Nf7 46. Ra3 Ne5 47.
Kc3 Nd3 48. Kd4 Nc5 49. Bc6 Rca7 50. Rb4 Kf6 51. Rb6 Ke7 52. Rb4 Kf6 53. Rb6
Ke7 54. Rb8 Kf6 55. Rf8+ Ke7 56. Rh8 Kf6 57. Rd8 Ke7 58. Re8+ Kf7 59. Rb8 Ke7
60. Rb1 Nxa4 61. Rb7+ Rxb7 62. Bxb7 Nc5 63. Rxa5 Nb3+ 64. Kc3 Nxa5 65. Bc8 h6
66. Kb4 g5 67. Kxa5 f4 68. gxf4 gxf4 69. c5 fxe3 70. Kb6 e2 71. Kc7 e1=Q 72.
cxd6+ Kf6 73. d7 Qa5+ 0-1

[Event "France 2019 - Accession"]
[Site "Chartres"]
[Date "2019.08.18"]
[Round "2.31"]
[White "Albaric, Etienne"]
[Black "Duquesne, Adrien"]
[Result "1/2-1/2"]
[WhiteElo "2250"]
[BlackElo "2170"]
[PlyCount "149"]
[EventDate "2019.08.??"]
[EventType "swiss"]
[EventRounds "9"]
[EventCountry "FRA"]
[WhiteTeam "Lutèce Echecs"]
[BlackTeam "Evry Grand Roque"]

1. e4 c5 2. Nf3 d6 3. d4 cxd4 4. Nxd4 Nf6 5. Nc3 a6 6. Bg5 e6 7. f4 Nbd7 8. Qe2
Qc7 9. O-O-O b5 10. a3 Bb7 11. g4 Be7 12. Kb1 Rc8 13. Bxf6 Bxf6 14. g5 Bxd4 15.
Rxd4 e5 16. fxe5 Nxe5 17. Bh3 Rd8 18. Nd5 Bxd5 19. exd5 O-O 20. Bf5 g6 21. Be4
Qc5 22. c3 f5 23. Bg2 Rde8 24. h4 Nc6 25. Qxe8 Rxe8 26. dxc6 Re2 27. Bd5+ Kg7
28. Rhd1 a5 29. Bf3 Re6 30. R1d3 Kf8 31. Ka2 Ke7 32. Bd5 Re5 33. h5 gxh5 34.
Bg8 Re4 35. Bxh7 Rxd4 36. Rxd4 Qxc6 37. Bxf5 Qc5 38. Re4+ Kf8 39. Rf4 Qe3 40.
Rf1 Kg7 41. g6 Qe2 42. Rf4 Qd2 43. Rf1 b4 44. cxb4 axb4 45. Be4 bxa3 46. Rf7+
Kg8 47. Rb7 axb2 48. Rb8+ Kg7 49. Rb7+ Kf6 50. g7 b1=Q+ 51. Kxb1 Qe1+ 52. Ka2
Qxe4 53. g8=Q Qxb7 54. Qh8+ Kg6 55. Ka3 Qf7 56. Qd8 Qf4 57. Qg8+ Kf5 58. Qf7+
Kg4 59. Qg6+ Kh4 60. Ka2 d5 61. Kb2 d4 62. Qg2 d3 63. Qh1+ Kg4 64. Qg2+ Kf5 65.
Qh3+ Ke4 66. Qxh5 Qd2+ 67. Kb3 Qc2+ 68. Ka3 Qc3+ 69. Ka2 d2 70. Qg4+ Kd3 71.
Qg6+ Ke2 72. Qg2+ Ke3 73. Qg3+ Kd4 74. Qd6+ Ke4 75. Qg6+ 1/2-1/2

[Event "France 2019 - Accession"]
[Site "Chartres"]
[Date "2019.08.18"]
[Round "2.32"]
[White "Ek, Alexandre"]
[Black "Salles, Louis"]
[Result "1-0"]
[WhiteElo "2188"]
[BlackElo "2248"]
[PlyCount "67"]
[EventDate "2019.08.??"]
[EventType "swiss"]
[EventRounds "9"]
[EventCountry "FRA"]
[WhiteTeam "Cercle d'Echecs de Villepinte"]
[BlackTeam "C'Chartres Echecs"]

1. e4 c5 2. Nf3 d6 3. Nc3 Nf6 4. d4 cxd4 5. Qxd4 a6 6. e5 Nc6 7. Qa4 Nd7 8.
exd6 exd6 9. Qe4+ Be7 10. Bg5 f6 11. Be3 Nde5 12. Nxe5 Nxe5 13. f4 f5 14. Qd5
Ng4 15. Bc4 Nxe3 16. Qf7+ Kd7 17. Qe6+ Kc7 18. Qxe3 Bh4+ 19. Kd2 Re8 20. Qd4
Kb8 21. Rad1 Bf6 22. Qd3 Qb6 23. Kc1 Re3 24. Na4 Bxb2+ 25. Kb1 Rxd3 26. Nxb6
Rxd1+ 27. Rxd1 Ba3 28. Nxa8 Kxa8 29. Re1 Kb8 30. Re8 Kc7 31. Re7+ Kc6 32. Rxg7
d5 33. Bd3 Bd6 34. g3 1-0

[Event "France 2019 - Accession"]
[Site "Chartres"]
[Date "2019.08.18"]
[Round "2.33"]
[White "Defromont, Benjamin"]
[Black "Pottier, Simeon"]
[Result "1/2-1/2"]
[WhiteElo "2236"]
[BlackElo "2162"]
[PlyCount "83"]
[EventDate "2019.08.??"]
[EventType "swiss"]
[EventRounds "9"]
[EventCountry "FRA"]
[WhiteTeam "Cannes Echecs"]
[BlackTeam "LEC Echiquier Limousin"]

1. e4 c5 2. Nf3 Nc6 3. Bb5 g6 4. Bxc6 dxc6 5. d3 Bg7 6. h3 Nf6 7. Nc3 Nd7 8.
Be3 e5 9. Qc1 h6 10. O-O b6 11. a4 a5 12. Ne2 Nf8 13. Rd1 Ne6 14. c3 Ba6 15.
Ng3 Qd6 16. d4 cxd4 17. cxd4 Nxd4 18. Bxd4 exd4 19. e5 Qc7 20. Rxd4 O-O 21. Qd2
Rad8 22. Rd1 Rxd4 23. Qxd4 Re8 24. Re1 c5 25. Qf4 Bb7 26. Ne4 Bxe4 27. Qxe4 Qd7
28. b3 Qe6 29. Qd3 Re7 30. Rd1 Bxe5 31. Re1 Qf6 32. Qd8+ Kg7 33. Kf1 Re6 34.
Qd5 Bc3 35. Rxe6 Qxe6 36. Qxe6 fxe6 37. Ke2 Kf6 38. Kd3 Bb4 39. Ke4 Bc3 40. Kd3
Bb4 41. Ke4 Bc3 42. Kd3 1/2-1/2

[Event "France 2019 - Accession"]
[Site "Chartres"]
[Date "2019.08.18"]
[Round "2.34"]
[White "Girel, Joseph"]
[Black "Coiffait, Pierre-Basile"]
[Result "1-0"]
[WhiteElo "2157"]
[BlackElo "2231"]
[PlyCount "73"]
[EventDate "2019.08.??"]
[EventType "swiss"]
[EventRounds "9"]
[EventCountry "FRA"]
[WhiteTeam "Marseille-Echecs"]
[BlackTeam "L'Echiquier du Pays de Bray"]

1. e4 e5 2. Nf3 Nc6 3. Bb5 a6 4. Bxc6 dxc6 5. Nc3 Bd6 6. d3 Ne7 7. Be3 c5 8.
Nd2 Be6 9. O-O Ng6 10. Ne2 Qf6 11. Nc4 b5 12. Nxd6+ cxd6 13. Qd2 Qe7 14. f4
exf4 15. Nxf4 Nxf4 16. Bxf4 O-O 17. b3 Qd7 18. Qf2 f5 19. exf5 Rxf5 20. Qg3 d5
21. Be5 d4 22. Rxf5 Bxf5 23. Rf1 Bg6 24. Qf4 Rc8 25. Bd6 Qe8 26. Qg5 h6 27. Qg3
Kh7 28. Re1 Qf7 29. Re7 Qf6 30. Qe5 Qxe5 31. Bxe5 Rg8 32. Rc7 c4 33. bxc4 bxc4
34. Rxc4 Bf7 35. Rxd4 Bxa2 36. Rd7 Kg6 37. c4 1-0

[Event "France 2019 - Accession"]
[Site "Chartres"]
[Date "2019.08.19"]
[Round "3.5"]
[White "Cotonnec, Melkior"]
[Black "Velten, Paul"]
[Result "0-1"]
[WhiteElo "2299"]
[BlackElo "2527"]
[PlyCount "47"]
[EventDate "2019.08.??"]
[EventType "swiss"]
[EventRounds "9"]
[EventCountry "FRA"]
[WhiteTeam "C.E. de Rueil Malmaison"]
[BlackTeam "Les Tours des Hauts de France - St Quentin"]

1. d4 Nf6 2. c4 e6 3. g3 d5 4. Nf3 Bb4+ 5. Bd2 Be7 6. Bg2 O-O 7. O-O c6 8. Qc2
b6 9. Bf4 Ba6 10. b3 Nbd7 11. Rd1 Rc8 12. Ne5 c5 13. Nxd7 Qxd7 14. dxc5 Bxc5
15. Nc3 Qe7 16. cxd5 Ng4 17. d6 Bxf2+ 18. Kh1 Qf6 19. Rac1 Bd4 20. Ne4 Nf2+ 21.
Nxf2 Rxc2 22. Ne4 Qg6 23. Rxc2 e5 24. Rc7 0-1

[Event "France 2019 - Accession"]
[Site "Chartres"]
[Date "2019.08.19"]
[Round "3.7"]
[White "Joie, Sebastien"]
[Black "Boyer, Mahel"]
[Result "1-0"]
[WhiteElo "2413"]
[BlackElo "2341"]
[PlyCount "51"]
[EventDate "2019.08.??"]
[EventType "swiss"]
[EventRounds "9"]
[EventCountry "FRA"]
[WhiteTeam "Esbarres Bonnencontre Echecs"]
[BlackTeam "Echiquier Nîmois"]

1. c4 Nf6 2. Nc3 c5 3. Nf3 Nc6 4. d4 cxd4 5. Nxd4 e6 6. g3 Qb6 7. Nc2 Bc5 8. e3
O-O 9. Bg2 d5 10. cxd5 exd5 11. O-O Bg4 12. Qd2 Rfd8 13. Na4 Qb5 14. Nxc5 Qxc5
15. f3 Bf5 16. Nd4 Nxd4 17. Qxd4 Qxd4 18. exd4 Rac8 19. Bd2 Ne8 20. Rfe1 Nd6
21. g4 Bd3 22. Bb4 Nb5 23. Rad1 Bc2 24. Rd2 h5 25. Bf1 Nd6 26. Bxd6 1-0

[Event "France 2019 - Accession"]
[Site "Chartres"]
[Date "2019.08.19"]
[Round "3.8"]
[White "Bujisho, Benjamin"]
[Black "Duboue, Peio"]
[Result "1-0"]
[WhiteElo "2317"]
[BlackElo "2413"]
[PlyCount "111"]
[EventDate "2019.08.??"]
[EventType "swiss"]
[EventRounds "9"]
[EventCountry "FRA"]
[WhiteTeam "Chevau-légers de la Choisille"]
[BlackTeam "Echiquier de l'Erdre"]

1. e4 e5 2. Nf3 Nc6 3. Bb5 Nf6 4. O-O Be7 5. Nc3 d6 6. d4 exd4 7. Nxd4 Bd7 8.
Bxc6 bxc6 9. Qf3 O-O 10. b3 Re8 11. Bb2 Bf8 12. Rfe1 Ng4 13. h3 Ne5 14. Qg3 Be7
15. Nf3 Bf6 16. Rad1 Nxf3+ 17. Qxf3 Rb8 18. Na4 Bxb2 19. Nxb2 Qg5 20. Nd3 f6
21. Re3 Re7 22. Rde1 Rbe8 23. c4 c5 24. Nf4 Bc6 25. Nd5 Bxd5 26. cxd5 Qe5 27.
Qd1 Qb2 28. R1e2 Qa3 29. Kh2 a5 30. Qc2 Qb4 31. g3 a4 32. h4 axb3 33. axb3 Qd4
34. Rd2 Qa1 35. Rde2 Ra8 36. Kg2 Ree8 37. f4 Qd4 38. Rd3 Qb4 39. Rde3 Ra1 40.
e5 Qd4 41. Qc4 fxe5 42. fxe5 Rd1 43. Qxd4 Rxd4 44. Kh3 Rxd5 45. exd6 Rxe3 46.
dxc7 Rxe2 47. c8=Q+ Kf7 48. Qb7+ Ke6 49. Qc6+ Ke5 50. Qe8+ Kf6 51. Qxe2 h5 52.
Qe8 Rf5 53. Kg2 g6 54. Qg8 Re5 55. Qf8+ Ke6 56. Qg7 1-0

[Event "France 2019 - Accession"]
[Site "Chartres"]
[Date "2019.08.19"]
[Round "3.9"]
[White "Di Nicolantonio, Lucas"]
[Black "Meunier, Clement"]
[Result "1-0"]
[WhiteElo "2394"]
[BlackElo "2291"]
[PlyCount "85"]
[EventDate "2019.08.??"]
[EventType "swiss"]
[EventRounds "9"]
[EventCountry "FRA"]
[WhiteTeam "Club d'Echecs de l'Agglomeration Chamberienne"]
[BlackTeam "L'Echiquier du Roy René"]

1. e4 e5 2. Nf3 Nc6 3. d4 exd4 4. Nxd4 Bc5 5. Nb3 Bb6 6. Nc3 Nf6 7. Qe2 a5 8.
a4 O-O 9. Be3 Bxe3 10. Qxe3 Re8 11. O-O-O Qe7 12. Bb5 Nb4 13. Rhe1 c6 14. e5
Ng4 15. Qg3 d6 16. exd6 Qxe1 17. Rxe1 Rxe1+ 18. Kd2 Re8 19. Be2 Nf6 20. Nd4 Re4
21. Nb3 Re8 22. Kc1 Bf5 23. Nd4 Bg6 24. f4 Rad8 25. f5 c5 26. fxg6 cxd4 27.
gxf7+ Kxf7 28. Bc4+ Kf8 29. Nb5 Re3 30. Qf4 Re4 31. Qf5 Nc6 32. b3 Re5 33. Qf4
Re4 34. Qf5 Re5 35. Qf2 b6 36. Kb2 Rd7 37. h3 Ke8 38. g4 h6 39. Qf3 Re4 40. Qf5
Re5 41. Qf2 Re4 42. Bd3 Re5 43. Qf3 1-0

[Event "France 2019 - Accession"]
[Site "Chartres"]
[Date "2019.08.19"]
[Round "3.10"]
[White "Pigeat, Alexandre"]
[Black "Ronce, Nathan"]
[Result "1-0"]
[WhiteElo "2377"]
[BlackElo "2204"]
[PlyCount "93"]
[EventDate "2019.08.??"]
[EventType "swiss"]
[EventRounds "9"]
[EventCountry "FRA"]
[WhiteTeam "Esbarres Bonnencontre Echecs"]
[BlackTeam "Echiquier Montelais"]

1. d4 Nf6 2. c4 c5 3. d5 b5 4. Qc2 e6 5. e4 bxc4 6. Nc3 Bb7 7. Bxc4 exd5 8.
exd5 d6 9. Nge2 Be7 10. O-O O-O 11. Nf4 Nbd7 12. a4 Nb6 13. Ba2 a5 14. Rd1 Re8
15. Bb1 g6 16. Qd3 Bf8 17. h3 Bg7 18. Qf3 Ba6 19. Bc2 Rb8 20. Rb1 Nc4 21. Nd3
Nd7 22. Ne4 h6 23. b3 Nce5 24. Nxe5 Nxe5 25. Qg3 c4 26. Ba3 Rb6 27. bxc4 Nxc4
28. Rxb6 Qxb6 29. Nxd6 Be5 30. Nxc4 Bxc4 31. Qh4 Be2 32. Re1 Bc3 33. Rb1 Qc7
34. d6 Qc6 35. Qxh6 Bg7 36. Qd2 Bc4 37. Bd1 Bf6 38. Rc1 Qe4 39. Bf3 Qe6 40. Bg4
Qe4 41. d7 Rd8 42. Re1 Qc6 43. Qf4 Kg7 44. Re8 Kh7 45. Bb2 Bxb2 46. Rxd8 Qxa4
47. Re8 1-0

[Event "France 2019 - Accession"]
[Site "Chartres"]
[Date "2019.08.19"]
[Round "3.11"]
[White "Mouhamad, Joachim"]
[Black "Laurent-Paoli, Pierre"]
[Result "0-1"]
[WhiteElo "2288"]
[BlackElo "2371"]
[PlyCount "50"]
[EventDate "2019.08.??"]
[EventType "swiss"]
[EventRounds "9"]
[EventCountry "FRA"]
[WhiteTeam "Clichy-Echecs-92"]
[BlackTeam "Echecs Club Montpellier"]

1. e4 Nc6 2. Nf3 d6 3. d4 Nf6 4. Nc3 g6 5. Be3 Bg7 6. Qd2 O-O 7. d5 Nb8 8. Bh6
c6 9. Bxg7 Kxg7 10. O-O-O Bg4 11. Re1 Bxf3 12. gxf3 b5 13. dxc6 Nxc6 14. Bxb5
Ne5 15. Qe2 Nh5 16. Qe3 e6 17. f4 Ng4 18. Qf3 Qh4 19. Kb1 Rac8 20. h3 Nxf2 21.
Rhf1 Nxh3 22. Ne2 Rc5 23. a4 g5 24. fxg5 Nxg5 25. Rg1 Qxe1+ 0-1

[Event "France 2019 - Accession"]
[Site "Chartres"]
[Date "2019.08.19"]
[Round "3.12"]
[White "Gertosio, Franck"]
[Black "Debray, Christopher"]
[Result "1/2-1/2"]
[WhiteElo "2267"]
[BlackElo "2352"]
[PlyCount "52"]
[EventDate "2019.08.??"]
[EventType "swiss"]
[EventRounds "9"]
[EventCountry "FRA"]
[WhiteTeam "Ste Foy Echecs"]
[BlackTeam "Grasse Echecs"]

1. e4 c5 2. Nf3 g6 3. c3 Bg7 4. d4 cxd4 5. cxd4 d5 6. e5 Nh6 7. h3 O-O 8. Be2
Nc6 9. O-O f6 10. exf6 exf6 11. Nc3 Be6 12. Re1 Bf7 13. Bf4 Nf5 14. Rc1 Rc8 15.
Qd2 Re8 16. Bf1 Rxe1 17. Rxe1 Bf8 18. a3 Na5 19. Nb5 Qb6 20. g4 Nc4 21. Bxc4
Rxc4 22. gxf5 Qxb5 23. Bh6 Bd6 24. Bf4 Bf8 25. Bh6 Bd6 26. Bf4 Bf8 1/2-1/2

[Event "France 2019 - Accession"]
[Site "Chartres"]
[Date "2019.08.19"]
[Round "3.13"]
[White "Le Goff, Ronan"]
[Black "Barseghyan, Harutyun"]
[Result "1/2-1/2"]
[WhiteElo "2303"]
[BlackElo "2519"]
[PlyCount "88"]
[EventDate "2019.08.??"]
[EventType "swiss"]
[EventRounds "9"]
[EventCountry "FRA"]
[WhiteTeam "Echiquier de l'Erdre"]
[BlackTeam "Nice Alekhine"]

1. d4 Nf6 2. Bf4 d5 3. e3 c5 4. c3 Nc6 5. Nd2 cxd4 6. exd4 Bf5 7. Ngf3 e6 8.
Be2 Bd6 9. Bxd6 Qxd6 10. O-O O-O 11. Re1 h6 12. Nf1 Rab8 13. a4 Be4 14. Ng3
Bxf3 15. Bxf3 Na5 16. Be2 Rfc8 17. Bd3 Nc4 18. Qe2 a6 19. b3 Na5 20. Qb2 Rc7
21. Rec1 Rbc8 22. Nf1 e5 23. b4 Nc4 24. Bxc4 Rxc4 25. Ne3 R4c7 26. c4 exd4 27.
Qxd4 Qxb4 28. Rcb1 Qc5 29. Qxc5 Rxc5 30. Nxd5 Nxd5 31. cxd5 Rxd5 32. Rxb7 Rc2
33. g3 Rdd2 34. Rf1 Ra2 35. Rb4 a5 36. Rf4 g5 37. Rc4 Rdc2 38. Rd4 Rd2 39. Rc4
Rdb2 40. h4 Rb4 41. Rc8+ Kg7 42. hxg5 hxg5 43. Rc5 Kg6 44. Rxa5 Rbxa4 1/2-1/2

[Event "France 2019 - Accession"]
[Site "Chartres"]
[Date "2019.08.19"]
[Round "3.14"]
[White "Gao, Etienne"]
[Black "Bailet, Pierre"]
[Result "0-1"]
[WhiteElo "2256"]
[BlackElo "2490"]
[PlyCount "64"]
[EventDate "2019.08.??"]
[EventType "swiss"]
[EventRounds "9"]
[EventCountry "FRA"]
[WhiteTeam "Echiquier Club Le Mans"]
[BlackTeam "Vandoeuvre-Echecs"]

1. e4 e5 2. Nf3 Nc6 3. Bb5 a6 4. Ba4 Nf6 5. O-O Be7 6. Qe2 d6 7. c3 O-O 8. d4
b5 9. Bc2 Re8 10. d5 Na5 11. Bd3 Bd7 12. b4 Nc4 13. Bxc4 bxc4 14. Re1 c6 15.
Qxc4 cxd5 16. exd5 a5 17. Qb3 axb4 18. c4 Qa5 19. Bd2 Reb8 20. Be3 Ne4 21. Nbd2
Nc5 22. Bxc5 Qxc5 23. Ne4 Qc7 24. c5 dxc5 25. d6 Bxd6 26. Qd3 Be7 27. Neg5 Bxg5
28. Nxg5 g6 29. Qc4 Bf5 30. g4 Qe7 31. h4 Be6 32. Nxe6 Qxe6 0-1